The World's 50 Largest Cities by Letter - S - Statistics

General Stats
  • This quiz has been taken 1,469 times
  • The average score is 32 of 50
Answers on the Map
Answers color-coded by a green-red scale on the quiz's map according to % correct below.
 
Answer Stats
# Population Country Urban Area % Correct
12 5,259,987 United States San Francisco
97%
18 3,414,660 Yemen Sana'a
96%
3 21,671,857 Brazil São Paulo
96%
1 30,504,083 China Shanghai
96%
28 2,241,651 Sweden Stockholm
96%
11 5,601,911 Russia St. Petersburg
96%
13 5,035,137 Australia Sydney
96%
7 7,394,880 Chile Santiago de Chile
95%
17 4,209,773 United States Seattle
95%
20 3,394,960 United States San Diego
93%
21 2,818,155 Costa Rica San José
93%
2 26,146,150 South Korea Seoul
93%
37 1,488,887 Bulgaria Sofia
92%
14 4,691,071 Dominican Republic Santo Domingo
91%
10 5,908,522 Singapore Singapore
90%
22 2,665,080 El Salvador San Salvador
89%
45 1,299,106 Spain Seville
89%
27 2,255,254 United States Sacramento
88%
23 2,592,649 United States San Antonio
88%
25 2,351,400 Germany Stuttgart
86%
30 2,035,733 Puerto Rico (U.S.) San Juan
82%
46 1,291,653 United States Salt Lake City
81%
26 2,300,379 Japan Sapporo
81%
24 2,516,072 United States St. Louis
81%
41 1,390,006 United Kingdom Southampton
76%
19 3,410,791 Brazil Salvador
73%
6 10,695,358 Indonesia Surabaya
71%
29 2,047,693 Bolivia Santa Cruz
65%
8 6,776,121 India Surat
62%
9 6,620,405 China Shenyang
55%
44 1,307,406 Russia Samara
51%
35 1,565,572 Iran Shiraz
48%
4 13,891,202 China Shantou
46%
50 1,182,558 Uzbekistan Samarkand
44%
32 1,661,575 Japan Sendai
43%
5 13,458,006 China Suzhou - Wuxi
41%
39 1,458,836 Brazil São Luís
40%
40 1,427,311 Honduras San Pedro Sula
38%
31 1,744,268 Brazil Santos
34%
15 4,288,448 Indonesia Semarang
31%
47 1,271,366 Mexico San Luis Potosí
30%
16 4,219,365 China Shijiazhuang
30%
49 1,252,208 Kazakhstan Shymkent
28%
38 1,473,006 India Srinagar
24%
33 1,652,589 India Salem
20%
36 1,562,820 Bangladesh Sylhet
15%
48 1,259,236 Indonesia Samarinda
11%
43 1,326,727 India Saharanpur
7%
42 1,381,467 China Shangqiu
6%
34 1,627,640 Indonesia Sukabumi
4%
No matching quizzes found
Score Distribution
Percent of People with Each Score
Percentile by Number Answered
Your Score History
You have not taken this quiz